El Salario, la jornada de trabajo y su jurisprudencia / Carlos Rodríguez Devesa
ISBN:
84-7016-198-9
Descripción Física:
738 p. ; 20 cm
MARC
| LEADER | 00000nam a2200000Ia 4500 | ||
|---|---|---|---|
| 001 | 18336 | ||
| 008 | 160829s1982 xx 000 0 cat d | ||
| 020 | |a 84-7016-198-9 | ||
| 080 | |a D-3-126 | ||
| 100 | |a Rodríguez Devesa, Carlos |9 23515 | ||
| 245 | |a El Salario, la jornada de trabajo y su jurisprudencia / Carlos Rodríguez Devesa | ||
| 260 | |a Pamplona : |b Aranzadi, |c 1982 | ||
| 300 | |a 738 p. ; |c 20 cm | ||
| 650 | |a Salaris |x Espanya |x S. XX |9 23516 | ||
| 650 | |a Jornada de treball |x Espanya |x S. XX |9 23517 | ||
| 650 | |a Jurisprudència |x Espanya |x S. XX |9 23518 | ||
| 901 | |a Arxiu | ||
| 942 | |n 1 | ||
| 952 | |0 1 |1 0 |2 udc |4 0 |5 2 |6 D3126 |7 1 |9 42737 |a Arxiu |b Arxiu |d 2016-12-01 |l 0 |o D-3-126 |p 18336 |r 2016-12-01 00:00:00 |w 2016-12-01 |y ARXIU | ||
| 999 | |c 45243 |d 45243 | ||